| 000 | 01177nam a22003014a 4500 | ||
|---|---|---|---|
| 001 | 482 | ||
| 003 | OSt | ||
| 005 | 20250902161141.0 | ||
| 008 | 250902b |||||||| |||| 00| 0 eng d | ||
| 020 | _a852622817X | ||
| 040 | _bpor | ||
| 041 | _hpor | ||
| 082 | 0 | 4 |
_a028.5 _bA411d |
| 100 | 1 |
_aCasas, Cecília. _91036 |
|
| 245 | 1 | 2 |
_aA divina comédia / _cDante Alighieri ; tradução e adaptação em português de Cecília Casas. - |
| 260 |
_aSão Paulo : _bScipione, _c1996. |
||
| 300 |
_a55p. : _bil. ; |
||
| 520 | _aRecontado do clássico da literatura italiana, com linguagem acessível para o público jovem. Dante faz uma viagem ao mundo do além. Orientado pelo poeta Virgílio, conhece o Inferno e o Purgatório e depois, guiado por Beatriz, visita o Paraíso. Ao longo do percurso, Dante encontra vários conhecidos seus e conversa com alguns deles. | ||
| 650 | 0 |
_aLiteratura italiana _9164 |
|
| 650 |
_aInfantojuvenil _9200 |
||
| 650 | 0 |
_aLiteratura Clássica _91038 |
|
| 655 | 0 |
_aRomance _923 |
|
| 655 | 0 |
_aFicção _922 |
|
| 700 | 0 |
_aDante Alighieri, _d1265-1321 _tDivina commedia |
|
| 830 |
_aReencontro _9246 |
||
| 942 |
_2ddc _n0 _cBK |
||
| 999 |
_c482 _d482 |
||